000 00851nam a2200265Ia 4500
003 OSt
005 20220918170930.0
006 a|||||r|||| 00| 0
007 ta
008 220917b |||||||| |||| 00| 0 eng d
020 _a9780824876586 (hbk)
_cUSD 70.00
024 _a352,522
037 _b8801, 06/03/2020, Efficient Book Distributors
_cTextual
040 _aARTS
_cARTS
_beng
041 _2eng
_aeng
082 _aR, Q9
100 _aHershock Peter D. Ed.
_932397
245 0 _aPhilosophies of place
_b intercultural conversation
260 _aHonolulu
_bUniversity of Hawaii Press USA
_c2019
300 _avi,344p.
_ccm.
650 _aPHILOSOPHY
700 _a Ames Roger T Ed.
942 _hR, Q9
_cTEXL
_2CC
999 _c136756
_d136756